Comparison of the processes of community forestry development in preyav village, sreknong commune, chumkiri district, kampot province and bangkong khmum village, tnotchum commune, krokor district pursat province (ការប្រៀបធៀបដំណើរការនៃការរៀបចំសហគមន៏ព្រៃឈើនៅភូមិព្រៃយ៉ាវឃុំស្រែក្នុងស្រុកជុំគិរីខេត្តកំពត​និងសហគមន៏ព្រៃឈើនៅភូមិបង្គងឃ្មំុឃំុត្នោតជំុស្រុកក្រគរខេត្តពោធិ័សាត់) (Record no. 3204)

000 -LEADER
fixed length control field 01044nam a22001577a 4500
003 - CONTROL NUMBER IDENTIFIER
control field OSt
005 - DATE AND TIME OF LATEST TRANSACTION
control field 20151106094338.0
008 - FIXED-LENGTH DATA ELEMENTS--GENERAL INFORMATION
fixed length control field 151106b xxu||||| |||| 00| 0 eng d
040 ## - CATALOGING SOURCE
Transcribing agency RUA
082 ## - DEWEY DECIMAL CLASSIFICATION NUMBER
Classification number FOR HOU 2002 B128 Or.1
100 ## - MAIN ENTRY--PERSONAL NAME
9 (RLIN) 3433
Personal name HOU, VONGVICHHEKA.
245 ## - TITLE STATEMENT
Title Comparison of the processes of community forestry development in preyav village, sreknong commune, chumkiri district, kampot province and bangkong khmum village, tnotchum commune, krokor district pursat province (ការប្រៀបធៀបដំណើរការនៃការរៀបចំសហគមន៏ព្រៃឈើនៅភូមិព្រៃយ៉ាវឃុំស្រែក្នុងស្រុកជុំគិរីខេត្តកំពត​និងសហគមន៏ព្រៃឈើនៅភូមិបង្គងឃ្មំុឃំុត្នោតជំុស្រុកក្រគរខេត្តពោធិ័សាត់)
260 ## - PUBLICATION, DISTRIBUTION, ETC. (IMPRINT)
Place of publication, distribution, etc. Phnom Penh
Name of publisher, distributor, etc. RUA
Date of publication, distribution, etc. 2002
300 ## - PHYSICAL DESCRIPTION
Extent 75p.
Other physical details ill.
Dimensions 29cm.
942 ## - ADDED ENTRY ELEMENTS (KOHA)
Source of classification or shelving scheme
Koha item type FOR
Holdings
Price effective from Date last seen Permanent Location Not for loan Date acquired Source of classification or shelving scheme Koha item type Barcode Lost status Damaged status Shelving location Withdrawn status Current Location Full call number
2015-11-062015-11-06Library Block B 2015-11-06 FORRUA028797  B128 Library Block BFOR HOU 2002 B128 Or.1
2015-11-062015-11-06Library Block B 2015-11-06 FORRUA028410  B128 Library Block BFOR HOU 2002 B128 Or.2
2015-11-062015-11-06Library Block B 2015-11-06 FORRUA028052  B128 Library Block BFOR HOU 2002 B128 Or.3
2015-11-062015-11-06Library Block B 2015-11-06 FORRUA028272  B128 Library Block BFOR HOU 2002 B128 Or.4
2016-02-032016-02-03Library Block B 2016-02-03 FORRUA050869    Library Block BFOR HOU 2002 B128 Or.5
មជ្ឈមណ្ឌលឯការនៃសាកលវិទ្យាល័យភូមិន្ទកសិកម្មចំការដូង

Powered by Koha